Ekonomické a sociálne priority SR
Potreba nového scenára ekonomickej prosperity Slovenska. Opatrenia na oživenie ekonomiky. Negatívne trendy (schodok v štátnom rozpočte, obchod s ČR, malý podiel národnej práce na vyvážaných výrobkoch). Ekonomické priority (zastaviť úpadok nosných priemyselných odvetví, uplatniť adekvátny model ekono...
Gespeichert in:
| 1. Verfasser: | |
|---|---|
| Format: | Buchkapitel |
| Sprache: | Slowakisch |
| Schlagworte: | |
| Tags: |
Keine Tags, Fügen Sie das erste Tag hinzu!
|
MARC
| LEADER | 00000naa a2200000 4500 | ||
|---|---|---|---|
| 001 | r015886 | ||
| 005 | 20221213113349.4 | ||
| 041 | 0 | |a slo | |
| 044 | |a SK | ||
| 245 | 1 | 0 | |a Ekonomické a sociálne priority SR |c Jozef Mihalik |
| 520 | |a Potreba nového scenára ekonomickej prosperity Slovenska. Opatrenia na oživenie ekonomiky. Negatívne trendy (schodok v štátnom rozpočte, obchod s ČR, malý podiel národnej práce na vyvážaných výrobkoch). Ekonomické priority (zastaviť úpadok nosných priemyselných odvetví, uplatniť adekvátny model ekonomickej transformácie). Smery sociálnej reformy. Úlohy FNM SR v privatizačnom procese. | ||
| 610 | 2 | 0 | |a reformy hospodárske |
| 610 | 2 | 0 | |a privatizácia |
| 610 | 2 | 0 | |a oživenie |
| 610 | 2 | 0 | |a prirážky cenové |
| 610 | 2 | 0 | |a únie colné |
| 610 | 2 | 0 | |a únie menové |
| 610 | 2 | 0 | |a bilancia platobná |
| 610 | 2 | 0 | |a odvetvia priemyselné |
| 610 | 2 | 0 | |a politika sociálna |
| 610 | 2 | 0 | |a transformácia |
| 610 | 2 | 0 | |a Slovensko |
| 610 | 2 | 0 | |a Česko |
| 610 | 2 | 0 | |a sily pracovné |
| 610 | 2 | 0 | |a mzdy |
| 100 | 1 | |a Mihalik, Jozef | |